| 000 | 00644nam a2200217Ia 4500 | ||
|---|---|---|---|
| 003 | OSt | ||
| 005 | 20230426093028.0 | ||
| 008 | 210423s2011 xx 000 0 und d | ||
| 020 | _a9781412980227 | ||
| 040 | _cAL | ||
| 041 | _aeng | ||
| 082 |
_a302.35 KEYJ _223 |
||
| 100 |
_aKEYTON (Joann). _993092 |
||
| 245 | _aCommunication and organizational culture: a key to understanding work experiences. | ||
| 250 | _a2 | ||
| 260 |
_aNew Delhi _bSage Publications _c2011 |
||
| 300 |
_aviii,223 _bPB |
||
| 365 |
_b3768 _cINR |
||
| 906 | _aCommunication ; culture: ; experiences. ; key ; organizational ; understanding ; work | ||
| 942 |
_2ddc _cBK |
||
| 999 |
_c161674 _d161674 |
||